Hunderassen erkennen: Vorstehhunde Teil 1 - Statistiken

Allgemein
  • Dieses Quiz wurde 15 mal gespielt
  • Das Durchschnittsergebnis liegt bei 3 aus 18
Antwortstatistiken
Bildquiz Antwort % Korrekt
Weimaraner
82%
Deutsch Drahthaar
64%
Deutsch Kurzhaar
36%
Deutsch Stichelhaar
18%
Französischer Vorstehhund Typ Pyrenäen
18%
Italienischer Vorstehhund
18%
Pudelpointer
18%
Drahthaariger ungarischer Vorstehhund
9%
Französischer Vorstehhund Typ Gascogne
9%
Kurzhaariger ungarischer Vorstehhund
9%
Portugiesischer Vorstehhund
9%
Slowakischer Rauhbart
9%
Altdänischer Vorstehhund
0%
Ariege-Vorstehhund
0%
Bourbonnaiser Vorstehhund
0%
Braque D`Áuvergne
0%
Braque Saint-German
0%
Perdiguero von Burgos
0%
Keine übereinstimmenden Quizze gefunden
Verteilung der Resultate
Anzahl Personen mit jedem Resultat
Perzentil nach korrekt beantworteten Fragen
Ihre Resultats-Entwicklung
Sie haben dieses Quiz noch nicht gespielt